| 000 | 00453cam a22001457a 4500 | ||
|---|---|---|---|
| 008 | 180718b2007 xxu||||| |||| 00| 0 eng d | ||
| 082 | _aAPPPA 2007-08 | ||
| 100 | _aPrasad, S.S. | ||
| 245 |
_aAgricultural credit _cby S.S. Prasad |
||
| 260 |
_aNew Delhi _bIndian Institute of Public Administration _c2007 |
||
| 300 | _a92p. | ||
| 500 | _aAn APPPA M.Phil dissertation, 2006-07 (Guide: Prof. Pranab Banerjee) | ||
| 650 | _aCredit | ||
| 650 | _aAgricultural | ||
| 999 |
_c493501 _d493501 |
||